POBLES DEL BERGUEDÀ - Estadísticas

Estadísticas generales
  • Esta prueba ha sido intentada 83 veces
  • La puntuación promedio es 20 de 31
Estadísticas de respuestas
INICIAL MUNICIPI % Correcto
B Berga
97%
B Bagà
89%
C Cercs
83%
G Gironella
83%
A Avià
77%
C Castellar de n'Hug
77%
O Olvan
74%
B Borredà
71%
G Gòsol
71%
P la Pobla de Lillet
71%
P Puig-Reig
71%
C Casserres
69%
F Fígols
69%
G Gisclareny
66%
N la Nou de Berguedà
66%
V Vilada
66%
C Capolat
63%
Q la Quar
63%
E l'Espunyola
63%
M Montmajor
63%
S Saldes
60%
S Sant Jaume de Frontanyà
60%
C Castell de l'Areny
57%
S Sant Julià de Cerdanyola
57%
G Guardiola del Berguedà
54%
C Castellar del Riu
51%
S Sagàs
51%
M Montclar
49%
S Santa Maria de Merlès
49%
V Viver i Serrateix
49%
V Vallcebre
43%
No se encontraron pruebas coincidentes
Distribución de puntuación
Porcentaje de gente con cada puntuación
Porcentaje por número respondido
Historial de tus puntuaciones
No has intentado esta prueba.